Quizzes
Events
Quiz Creation
Community
Videos
Private Events
Remove Ads
Sign In
Join for FREE
Feedback
Dark Mode
Quiz Categories
Sports
Geography
Music
Movies
Television
Just For Fun
Miscellaneous
History
Literature
Language
Science
Gaming
Entertainment
Religion
Holiday
For Kids
Quiz Lab
Recent
Popular Today
Quiz Kudos Today
Editor Picks
Curator Picks
Quizzes by...
Day
Popularity
Type
Ratings
Length
Year
Community
Subscriptions
Recent Discussions
Orange Saloon
Badges
Playlists
Quests
Create
Leaderboards
Showdown
Live 5
Trivia Bingo
Activity
Puzzle Library
Sporcle Events
Private Events
Virtual Trivia
Globe League
Become a Host
Pub Owners
SporcleCon
Opinionation
Our Games
Videos
Blog
Mobile Apps
Partnerships
Remove Ads and Go Orange
Feedback
Language
Vocabulary
Begins and Ends
Definition
Spanish
French
German
Italian
Chinese
Latin
Translation
Japanese
Language
Vocabulary
Begins and Ends
Definition
Spanish
French
German
Italian
Chinese
Latin
Translation
Japanese
Random Quiz
Search Sporcle
×
Quiz Lab
Quiz Lab
Language
Starting
Type in answers that appear in a list
Type in answers that appear in a list
Classic
Best Score? Go Orange.
Starts with Spa Stats
Can you name the words starting with spa?
By
teggers
8m
38 Questions
41 Plays
41 Plays
41 Plays
Comments
Comments
Give Quiz Kudos
Give Quiz Kudos
-
- Ratings
hide this ad
Replay
Link that replays current quiz
Next Quiz
Link to next quiz in quiz playlist
You Got
0%
They Got
Avg Score
60%
Avg Friend Score
Upgrade to see
Score Distribution
Jump to the score distribution portion of the page
Score
0/38
Timer
08:00
0
Plays Today
Clue
Word
% Correct
European country on the Iberian Peninsula
Spain
92.7%
Room, capacity, area, volume
Space
90.2%
Extent, length, reach
Span
78%
Pirates of the Caribbean's Jack _
_
_
_
_
_
_
Sparrow
75.6%
Ancient Greek city-
state
Sparta
73.2%
The second most widely spoken language in the world
Spanish
73.2%
Contraction, convulsion, cramp
Spasm
73.2%
Undesired electronic mail, junk email
Spam
73.2%
Small fiery particle thrown off from a fire
Spark
73.2%
House of Cards American actor, Kevin....
Spacey
70.7%
The Star-
_
_
_
_
_
_
_
_
_
Banner
Spangled
68.3%
SNL alumni, David _
_
_
_
_
_
Spade
65.9%
Astronaut, cosmonaut
Spaceman
65.9%
Rocket ship or shuttle
Spaceship
65.9%
Gun dog such as Cocker, water, or Springer _
_
_
_
_
_
Spaniel
63.4%
Film about the Thracian gladiator starred by Kirk Douglas
Spartacus
63.4%
A mix of the languages spoken in Mexico and the U.S.
Spanglish
63.4%
Roomy, sizable, large
Spacious
63.4%
A person from the non-
Portuguese Iberia
Spaniard
61%
Clue
Word
% Correct
Broad, flat, flexible blade used to spread
Spatula
61%
Extra, supplementary, additional
Spare
61%
Male animals are neuter, females are...
Spay
61%
Carrie American actress, Sissy _
_
_
_
_
_
_
Spacek
61%
Italian noodles
Spaghetti
61%
True hit single British band, _
_
_
_
_
_
_
Ballet
Spandau
58.5%
Blacklist American actor, James _
_
_
_
_
_
Spader
58.5%
Scant, scanty, scarse
Sparse
58.5%
Shine brightly with flashes of light
Sparkle
51.2%
Superheroes usually wear this kind of suit
Spandex
51.2%
Slap with one's open hand
Spank
48.8%
Gentilic of the 300 in the eponymous Gerard Butler's film
Spartan
48.8%
Release or deposit eggs (of a fish or frog)
Spawn
46.3%
Relating to room, capacity, area, or volume
Spatial
39%
Lose physical or emotional control (informal)
Spaz
39%
Actors Timothy and Rafe _
_
_
_
_
Spall
36.6%
Relating to or affected by muscle contraction
Spastic
34.1%
American sporting goods company
Spalding
29.3%
Alive American actor Vincent _
_
_
_
_
Spano
22%
Quiz Playlist
Details
Report
Send in Message
Add To Playlist
Classic:
Type in answers that appear in a list
Last Updated: Aug 3, 2017
Quiz Scoreboard
CHALLENGE
Sign Up to Join the Scoreboard
Show All
Scores
Hide
Comments
May contain spoilers
Recently Published
One Thing in Common: World Cities II
by knightlancer
Geography
7m
Popular People in 1961
by mucciniale
History
6m
1-10 Letter E Words III
by El_Dandy
Language
2m
More to Explore
Quiz From the Vault
Featured Blog Post
Where Did the Easter Bunny Come From?
hide this ad
You Might Also Like...
Tags
spa
start
Starting
Today's Top Quizzes in Language
Browse Language
hide this ad
Today's Top Quizzes in Starting
Browse Starting
Top Contributed Quizzes in Language
1
Order Up: Top 10 Most Native Spoken Languages
2
1-10 Letter F Words III
3
1-10 Letter G Words III
4
Hiragana Speed Reading
5
1-10 Letter H Words III
6
Vocabulary 5
7
One Thing in Common: Italy
8
1-10 Letter I Words III
9
Begins and Ends With AN
10
1-10 Letter J Words III
Explore More
Trending Topics
Harry Potter
Crossword
Disney
Anime
Kpop
Marvel
NBA
Soccer
WWE
The Office
Pokémon
Country
NFL
Song
Puzzle
hide this ad
More By:
teggers
Quiz
Plays
Rating
Category
Featured
Created
Most Visited European Countries
121,122
3.70
Geography
Dec 12, 2015
Most Visited Asian Countries
87,670
4.40
Geography
Dec 12, 2015
Most Visited American Countries
82,841
4.65
Geography
Dec 13, 2015
Cucumber Producing Countries
57,904
4.58
Geography
Jul 12, 2013
Top 10 Richest Countries in North America
48,489
4.20
Geography
Apr 1, 2013
Go to Creator's Profile
Score Distribution
Quiz Creator Spotlight
teggers
Follow
Send a Message
Quizzes Created
-
Created Quiz Play Count
-
More By This Creator
Popular Quizzes Today
1
Find the US States - No Outlines Minefield
2
The Countries of the World
3
Popular People in 1961
4
Find the Countries of Europe - No Outlines Minefield
5
1-10 Letter E Words III
6
Find the US States
7
One Thing in Common: World Cities II
8
US States
More Language Quizzes
Cats in Spanish
Editor's Pick
Trending Quizzes
Country Music Stars Doing Things
Get the Picture: Carrie or Dolly
1-10 Letter F Words
1-10 Letter G Words
Risky Map Clicking: Next State Alphabetically
Recently Updated
Leaping Animals
pecheneg
Reality TV Shows (A-Z)
bhenderson79
Rickey Henderson's Hall of Fame Teammates
pecheneg
Champions League XIs: Arsenal
pecheneg
Quick Pick: Celebrities in WWE's Hall of Fame
aduchscher
A-Z Keypad Blitz II
pecheneg
Multiple Oscar Actors
pecheneg
Mystery Phrase Blitz: Oscar 'Best Actors'
pecheneg
F. Scott Fitzgerald Novels
LTH
Pick 3 Villains
ddd62291
Trending Topics
Harry Potter
Marvel
Anime
Kpop
NBA
Disney
Crossword
Puzzle
NFL
Country
Song
Pokémon
Soccer
WWE
The Office
Your Account Isn't Verified!
In order to create a playlist on Sporcle, you need to verify the email address you used during registration. Go to your
Sporcle Settings
to finish the process.
Report this User
Report this user for behavior that violates our
Community Guidelines
.
Details:
Send Report
Go to the Sporcle.com Mobile Site →
Comments